Leader xxxxxxxxxx
001 __ PCLIS00045516
005 __ 20110210095552.0008
010 0_ |a9789861891637|b平裝|dNT$180
020 __ |atw|b98010434
042 __ |anbic
050 __ |a002105463
100 __ |a20090813d2009 bc y0chib50 e
101 0_ |achi
102 __ |atw
105 __ |aa z 000cd
200 1_ |a豐富人生|e|f子敏|g岳宣圖
205 __ |a初版
210 __ |a臺北市|c好書|d2009.07
215 0_ |a79面|c彩圖|d21公分
225 __ |a|v
300 __ |a
302 __ |a國語注音
305 __ |a兒童版
606 __ |2csh|a兒童文學|x作文
681 __ |a859.7|b876-2
700 _1 |a子敏|b|c(兒童文學)|4
702 _1 |a|b|c(繪畫)|4
801 _0 |atw|bCIP|c20090611|gCCR
801 _1 |atw|bCIP|c20090611|gCCR
801 _2 |atw|b國圖|c20110209|gCCR
|